🎤 Guess the Taylor Swift song (no hints) #2 - Statistics

General Stats
  • This quiz has been taken 65 times
  • The average score is 307 of 406
Answer Stats
Lyrics % Correct
a
100%
I
100%
you
96%
You
96%
you?
96%
and
92%
And
92%
the
92%
be
91%
me
91%
me,
91%
am
89%
on
89%
your
89%
Your
89%
are
87%
my
87%
to
87%
when
87%
When
87%
hear
85%
in
85%
So,
85%
So
85%
Who
85%
her
83%
it
83%
It
83%
not
83%
Where
83%
at
81%
Don't
81%
don't
81%
is
81%
of
81%
Of
81%
she
81%
She
81%
was
81%
with
81%
I'm
79%
like
79%
should
79%
all
77%
now
77%
now"
77%
Now"
77%
they
77%
They
77%
This
77%
were
77%
you're
77%
But
75%
girl
75%
girl,
75%
I'll
75%
out
75%
what
75%
back
74%
boy
74%
or
74%
that
74%
said,
72%
say
72%
say,
72%
would
72%
meet
70%
only
70%
see
70%
"Speak
70%
away
68%
by
68%
from
68%
kind
68%
last
68%
run
68%
time
68%
yes,
68%
door
66%
marrying
66%
need
66%
stand
66%
up
66%
church,
64%
friends
64%
know
64%
white
64%
wrong
64%
bargin'
62%
down
62%
hold
62%
lookin'
62%
room
62%
rudely
62%
single
62%
thought
62%
vow
62%
wait
62%
family
60%
forever
60%
occasion
60%
veil
60%
chance
58%
dressed
58%
everyone
58%
eyes
58%
hands,
58%
looks
58%
lose
58%
pastel
58%
peace"
58%
yelling
58%
bridesmaid
57%
didn't
57%
gown
57%
little
57%
lovely
57%
running
57%
Wearin'
57%
inside
55%
myself
55%
preacher
55%
shaped
55%
There's
55%
there's
55%
wish
55%
bride-to-be
53%
daydream
53%
Horrified
53%
pastry
53%
queen
53%
silence,
53%
sneak
53%
Somewhere
53%
surely
53%
uninvited
53%
death
51%
"Let's
51%
march
51%
play
51%
song
51%
sounds
51%
curtains
49%
pageant
49%
seems
49%
aisle
47%
hiding
47%
snotty
47%
starts
47%
Baby,
45%
organ
45%
shaky
45%
around
43%
glad
43%
'Speak Now'"
43%
vows
43%
exchanged
40%
gestures
40%
tux,
40%
Fond
38%
floats
36%
haha
32%
No matching quizzes found
Score Distribution
Percent of People with Each Score
Percentile by Number Answered
Your Score History
You have not taken this quiz